PRACTICAL MICROBIOLOGY FOR MBBS (Record no. 1425)

MARC details
000 -LEADER
fixed length control field 00346nam a2200145Ia 4500
008 - FIXED-LENGTH DATA ELEMENTS--GENERAL INFORMATION
fixed length control field 150201s2012 xx 000 0 und d
082 ## - DEWEY DECIMAL CLASSIFICATION NUMBER
Classification number 616.01
Item number P12B
100 ## - MAIN ENTRY--PERSONAL NAME
Personal name BAVEJA , C. P
245 ## - TITLE STATEMENT
Title PRACTICAL MICROBIOLOGY FOR MBBS
250 ## - EDITION STATEMENT
Edition statement 3RD
260 ## - PUBLICATION, DISTRIBUTION, ETC. (IMPRINT)
Name of publisher, distributor, etc. ARYA
Place of publication, distribution, etc. DELHI
Date of publication, distribution, etc. 2012
300 ## - PHYSICAL DESCRIPTION
Extent 1-142
650 ## - SUBJECT ADDED ENTRY--TOPICAL TERM
Topical term or geographic name as entry element MICROBIOLOGY
942 ## - ADDED ENTRY ELEMENTS (KOHA)
Source of classification or shelving scheme Dewey Decimal Classification
Koha item type Books
Koha issues (borrowed), all copies 34
Holdings
Withdrawn status Lost status Source of classification or shelving scheme Damaged status Not for loan Collection code Home library Current library Shelving location Date acquired Source of acquisition Cost, normal purchase price SGTU Bill Number Total Checkouts Full call number Barcode Date last seen Bill Date Koha item type Date last checked out Total Renewals
    Dewey Decimal Classification     MEDICAL SGT Medical Library SGT Medical Library Text Book 24/01/2013 ABC DELHI 225.00 SGTU 3109   616.01 P12B FM5153 09/02/2015 02/02/2013 Books    
    Dewey Decimal Classification     MEDICAL SGT Medical Library SGT Medical Library Text Book 24/01/2013 ABC DELHI 225.00 SGTU 3109 17 616.01 P12B FM5154 23/02/2021 02/02/2013 Books 04/02/2021  
    Dewey Decimal Classification     MEDICAL SGT Medical Library SGT Medical Library Text Book 24/01/2013 ABC DELHI 225.00 SGTU 3109 26 616.01 P12B FM5155 27/11/2025 02/02/2013 Books 21/11/2025  
    Dewey Decimal Classification     MEDICAL SGT Medical Library SGT Medical Library Text Book 24/01/2013 ABC DELHI 225.00 SGTU 3109 6 616.01 P12B FM5156 23/08/2025 02/02/2013 Books 21/08/2025  
    Dewey Decimal Classification     MEDICAL SGT Medical Library SGT Medical Library Text Book 24/01/2013 ABC DELHI 225.00 SGTU 3109 29 616.01 P12B FM5157 30/07/2025 02/02/2013 Books 29/07/2025 1